Biggest Cities in Tennessee in 1950 - Statistics

General Stats
  • This quiz has been taken 70 times
  • The average score is 10 of 20
Answer Stats
Population County Answer % Correct
396,000 Shelby Memphis
100%
174,307 Davidson Nashville
100%
131,041 Hamilton Chattanooga
96%
124,769 Knox Knoxville
96%
13,052 Rutherford Murfreesboro
82%
16,264 Montgomery Clarksville
76%
27,864 Washington Johnson City
71%
16,771 Sullivan Bristol
69%
19,571 Sullivan Kingsport
65%
30,207 Madison Jackson
55%
12,605 Bradley Cleveland
47%
7,913 Wilson Lebanon
33%
10,911 Maury Columbia
31%
9,645 Hamilton East Ridge
27%
10,885 Dyer Dyersburg
24%
13,019 Hamblen Morristown
24%
8,721 Greene Greeneville
14%
9,456 Bedford Shelbyville
14%
10,754 Carter Elizabethton
12%
8,826 Henry Paris
8%
No matching quizzes found
Score Distribution
Percent of People with Each Score
Percentile by Number Answered
Your Score History
You have not taken this quiz